It's Almost Dry - Pusha T - Statistics

General Stats
  • This quiz has been taken 21 times
  • The average score is 9 of 12
Answer Stats
Track # Answer % Correct
1 Brambleton
93%
6 Diet Coke
93%
4 Neck & Wrist (feat. JAY-Z & Pharrell Williams)
93%
7 Rock N Roll (feat. Kanye West & Kid Cudi)
79%
9 Scrape It Off (feat. Lil Uzi Vert & Don Toliver)
79%
8 Call My Bluff
71%
3 Dreamin Of The Past (feat. Kanye West)
71%
2 Let The Smokers Shine The Coupes
71%
11 Open Air
71%
10 Hear Me Clearly (feat. Nigo)
64%
12 I Pray For You (feat. Labrinth & MALICE)
64%
5 Just So You Remember
57%
No matching quizzes found
Score Distribution
Percent of People with Each Score
Percentile by Number Answered
Your Score History
You have not taken this quiz